Catálogo
 En Linea

Pieces originales et procedures du proces, fait à Robert-François Damiens, tant en la Prévôte de l'Hotel, qu'en la Cour de Parlement. (Registro nro. 34697)

Detalles MARC
000 -CABECERA
campo de control de longitud fija 00645nam a2200169 a 4500
001 - NÚMERO DE CONTROL
campo de control 000035206
005 - FECHA Y HORA DE LA ÚLTIMA TRANSACCIÓN
campo de control 20200930074157.0
008 - DATOS DE LONGITUD FIJA--INFORMACIÓN GENERAL
campo de control de longitud fija 111026s1757 sp 000 0 spa d
040 ## - FUENTE DE LA CATALOGACIÓN
Centro catalogador/agencia de origen DO-SdBNP
Lengua de catalogación spa
Centro/agencia transcriptor BNPHU
100 1# - ENTRADA PRINCIPAL--NOMBRE DE PERSONA
Nombre de persona Francois Damiens, Robert
9 (RLIN) 60950
245 10 - MENCIÓN DE TÍTULO
Título Pieces originales et procedures du proces, fait à Robert-François Damiens, tant en la Prévôte de l'Hotel, qu'en la Cour de Parlement.
260 ## - PUBLICACIÓN, DISTRIBUCIÓN, ETC.
Lugar de publicación, distribución, etc. Paris :
Nombre del editor, distribuidor, etc. Chez Pierre-Guillaume Simon ...,
Fecha de publicación, distribución, etc. 1757.
300 ## - DESCRIPCIÓN FÍSICA
Extensión 610 p. ;
Dimensiones 25 cm.
700 1# - PUNTO DE ACCESO ADICIONAL--NOMBRE DE PERSONA
Nombre de persona Le Breton, Alexandre-André,
9 (RLIN) 60951
700 1# - PUNTO DE ACCESO ADICIONAL--NOMBRE DE PERSONA
Nombre de persona Damiens, Robert François
9 (RLIN) 60952
700 1# - PUNTO DE ACCESO ADICIONAL--NOMBRE DE PERSONA
Nombre de persona Simon, Pierre Guillaume,
9 (RLIN) 60953
Existencias
Estado de retiro Estado de pérdida Restricciones de uso No para préstamo Código de colección Localización permanente Ubicación/localización actual Ubicación en estantería Fecha de adquisición Número de inventario Total de préstamos Signatura topográfica completa Código de barras Fecha visto por última vez Precio válido a partir de Tipo de ítem Koha
        Raros y valiosos General General Orden iniciada 26.10.2011 LF1   35206-10 25.06.2020 25.06.2020 No se presta

Con tecnología Koha